Ekologická výroba bojuje o zákazníka

Biopotraviny, ich obľúbenosť, pôvod vzniku biopotravín. Rozdiel biopotravín je v spôsobe výroby. Tradícia a označovanie biopotravín. Sortiment biopotravín v obchodných reťazcoch. Slovenský spotrebiteľ a biopotraviny.

Salvato in:
Dettagli Bibliografici
Autore principale: Sadloňová, Petronela
Natura: Capitolo di libro
Lingua:slovacco
Soggetti:
Tags: Aggiungi Tag
Nessun Tag, puoi essere il primo ad aggiungerne!!

MARC

LEADER 00000naa a2200000 4500
001 0161914
005 20231109070447.1
041 0 |a slo 
044 |a SK 
245 1 0 |a Ekologická výroba bojuje o zákazníka  |c Petronela Sadloňová 
520 |a Biopotraviny, ich obľúbenosť, pôvod vzniku biopotravín. Rozdiel biopotravín je v spôsobe výroby. Tradícia a označovanie biopotravín. Sortiment biopotravín v obchodných reťazcoch. Slovenský spotrebiteľ a biopotraviny. 
610 2 0 |a biopotraviny 
610 2 0 |a výroba ekologická 
610 2 0 |a spotrebitelia 
610 2 0 |a reťazce obchodné 
610 2 0 |a Slovensko 
100 1 |a Sadloňová, Petronela